00983nam a2200241 a 4500001001000000003000900010005001700019007000300036008004100039040002500080049000900105082000700114245005800121246007300179260005500252300003600307500012600343590002600469942001400495952010000509952011500609999001700724000022398DO-SdBNP20220228090459.0ta101007s2004 dr 001 0 spa d aDO-SdBNPbspacBNPHU aBNPD 422200aMesas de Participación Ciudadana :bmemoria final /10aMesa de participación ciudadana una experiencias de concertación aSanto Domingo :bParticipación Ciudadana,c2004. a245 p. :bil., retrs. ;c23 cm. aTemas concentrados entre partidos políticos, Sociedad Civil, Junta Cetral Electoral, Poderes del Estados, Universidades aInventariado, 2022/BT 2ddccLBS1 00102ddc53708PDaBNPHUbBNPHUcMId2010-10-07l0o p22398-10r2020-06-25w2020-06-25yLBS1 00102ddc53708PDaBNPHUbBNPHUcHDd2022-02-28eDonaciónl0p2022-0807r2022-02-28te.2w2022-02-28yLBS1 c21896d21896